00385nam a2200145Ia 4500008004100000020001500041041001200056082001600068100001800084245006600102260003200168300000800200650001200208700001900220221030s9999 xx 000 0 und d a8121906679 aEnglish a105.23bTew aG. K. Kharate 0aElectromagnetic Engineeringcby G. K. Kharate, S. S. Narkhede bTechnical Publicationc2000 a799 aPhysics aS. S. Narkhede